00289nam a22001097a 4500008004100000020001500041082001600056100001900072245004200091260003700133300000900170230620b xxu||||| |||| 00| 0 eng d a0691000174 a320.95bWAR cRobert E. Ward aPolitical Development In Modern Japan bPrinceton University pressc1968 a637p